| 000 | 00644nam a2200217 u 4500 | ||
|---|---|---|---|
| 005 | 20240912063831.0 | ||
| 008 | 080215s2007 mx r 000 0 spa d | ||
| 020 | _a970784065X | ||
| 035 | _aUPN01000168584 | ||
| 049 | _aI | ||
| 050 | 4 |
_aPZ71 _bG3.23 |
|
| 100 | 1 |
_aGandman, Alexiev, _d1969- _932870 |
|
| 245 | 1 | 0 |
_aBeto Mutis / _cAlexiev Gandman. |
| 260 |
_aTlalnepantla, Edo. de Mex. : _bSigno, _c2007. |
||
| 300 |
_a27 p. : _bprincipalmente il. |
||
| 440 | 0 |
_aSoy lo que soy. _pClub de lectores |
|
| 650 | 4 |
_aCuentos infantiles argentinos _97466 |
|
| 650 | 4 |
_aTIMIDEZ _94157 |
|
| 650 | 7 |
_aAmistad entre niƱos _2 _94319 |
|
| 905 | _aInfantil | ||
| 999 |
_c140690 _d140690 |
||